[Event "Asuncion Viejos Tiempos Cup"]
[Site "Asuncion"]
[Date "2019.01.17"]
[Round "3"]
[White "Ocampos, Martin Carlos"]
[Black "Ayala Ruiz, Miguel Angel"]
[Result "1-0"]
[WhiteElo "1718"]
[BlackElo "1408"]
[PlyCount "62"]
[EventDate "2019.01.15"]
[EventType "swiss"]
[EventRounds "7"]
[EventCountry "PAR"]
[SourceTitle "CBM 188 Extra"]
[Source "ChessBase"]
[SourceDate "2019.02.28"]
[SourceVersion "1"]
[SourceVersionDate "2019.02.28"]
[SourceQuality "1"]

1. e4 c5 2. Nf3 e6 3. d4 cxd4 4. Nxd4 a6 5. Bc4 Qc7 6. Bb3 Nf6 7. Nc3 b5 8. f3 Bb4 9. Qd3 Nc6 10. Nxc6 dxc6 11. a3 Bd6 12. Be3 Bb7 13. 0-0-0 Rd8 14. Qe2 0-0 15. g4 Bf4 16. h4 Rxd1+ 17. Rxd1 c5 18. Kb1 Bxe3 19. Qxe3 c4 20. Ba2 Qg3 21. g5 Nh5 22. Qb6 Qb8 23. Rd7 Ba8 24. Qxa6 Qg3 25. Qd6 Qe1+ 26. Nd1 Qg3 27. Rd8 Qxd6 28. Rxd6 Ng3 29. Nc3 f5 30. gxf6 Rxf6 31. Rd8+ Rf8 1-0

[Event "PAR-ch sf"]
[Site "Asuncion"]
[Date "2018.08.14"]
[Round "6"]
[White "Pereira, Sergio1"]
[Black "Ocampos, Martin Carlos"]
[Result "1/2-1/2"]
[WhiteElo "1925"]
[BlackElo "1703"]
[PlyCount "87"]
[EventDate "2018.08.10"]
[EventType "swiss"]
[EventRounds "9"]
[EventCountry "PAR"]
[SourceTitle "CBM 186 Extra"]
[Source "ChessBase"]
[SourceDate "2018.08.24"]
[SourceVersion "1"]
[SourceVersionDate "2018.08.24"]
[SourceQuality "1"]

1. d4 Nf6 2. Nf3 c5 3. d5 e6 4. c4 exd5 5. cxd5 d6 6. Nc3 g6 7. e3 Bg7 8. Be2 0-0 9. 0-0 Re8 10. Nd2 Na6 11. Nc4 Nc7 12. Bf3 b6 13. Qb3 Ba6 14. a4 Bxc4 15. Qxc4 Nd7 16. Be2 Ne5 17. Qb3 Qh4 18. Qd1 a6 19. f4 Nd7 20. Bf3 b5 21. Ne4 Qe7 22. Nf2 Nb6 23. axb5 axb5 24. Rxa8 Rxa8 25. b3 Ra1 26. e4 Bd4 27. Kh1 b4 28. Ng4 h5 29. Nh6+ Kh7 30. Qd2 Nbxd5 31. g4 Be3 32. Qc2 Nc3 33. g5 N7b5 34. Bxe3 Rxf1+ 35. Kg2 Ra1 36. Qd3 Ra2+ 37. Kg3 Qe6 38. e5 dxe5 39. Qd8 exf4+ 40. Bxf4 Qe1+ 41. Kh3 Qf1+ 42. Kh4 Qe1+ 43. Kh3 Qf1+ 44. Kh4 1/2-1/2

[Event "PAR-ch qual1"]
[Site "Asuncion"]
[Date "2018.03.29"]
[Round "2"]
[White "Ocampos, Martin Carlos"]
[Black "Cantero, Rodolfo"]
[Result "0-1"]
[WhiteElo "1748"]
[BlackElo "2032"]
[PlyCount "54"]
[EventDate "2018.03.28"]
[EventType "swiss"]
[EventRounds "7"]
[EventCountry "PAR"]
[SourceTitle "EXT 2019"]
[Source "ChessBase"]
[SourceDate "2018.10.10"]
[SourceVersion "1"]
[SourceVersionDate "2018.10.10"]
[SourceQuality "1"]

1. d4 c5 2. d5 e5 3. Nc3 d6 4. e4 Be7 5. Be2 Bg5 6. Bxg5 Qxg5 7. Nf3 Qe7 8. a4 Nf6 9. Nd2 0-0 10. h3 Na6 11. g4 Nc7 12. Nc4 b6 13. Ne3 Kh8 14. h4 a6 15. Ra3 Ng8 16. Rb3 Rb8 17. Nc4 b5 18. Na5 Bd7 19. axb5 axb5 20. Nc6 Bxc6 21. dxc6 c4 22. Rb4 d5 23. Na2 dxe4 24. Bxc4 bxc4 25. Rxc4 Rxb2 26. Nc3 Rd8 27. Qa1 Rb4 0-1

[Event "PAR-ch op"]
[Site "Asuncion"]
[Date "2016.10.26"]
[Round "7"]
[White "Ocampos, Martin Carlos"]
[Black "Britez, G Jorge A"]
[Result "0-1"]
[WhiteElo "1787"]
[BlackElo "1787"]
[PlyCount "60"]
[EventDate "2016.10.21"]
[EventType "swiss"]
[EventRounds "9"]
[EventCountry "PAR"]
[SourceTitle "EXT 2018"]
[Source "ChessBase"]
[SourceDate "2017.10.13"]
[SourceVersion "1"]
[SourceVersionDate "2017.10.13"]
[SourceQuality "1"]

1. e4 c6 2. d4 d5 3. exd5 cxd5 4. Bf4 e6 5. Nf3 Bd6 6. Bg3 Nf6 7. Bd3 Nc6 8. c3 0-0 9. 0-0 Bxg3 10. hxg3 Re8 11. Ne5 Nxe5 12. dxe5 Nd7 13. Qe2 Nc5 14. Bc2 b6 15. Nd2 Ba6 16. c4 dxc4 17. Nxc4 Qd4 18. b3 Red8 19. Rad1 Bxc4 20. bxc4 Qc3 21. Rxd8+ Rxd8 22. Rd1 Rd4 23. Rxd4 Qxd4 24. Qf3 g6 25. Qe2 Nd7 26. Qf3 Nxe5 27. Qa8+ Kg7 28. Bb3 h5 29. g4 hxg4 30. c5 g3 0-1

[Event "PAR-ch op"]
[Site "Asuncion"]
[Date "2016.10.25"]
[Round "6"]
[White "Ocampos, Martin Carlos"]
[Black "Benitez Galeano, Alejandro"]
[Result "1/2-1/2"]
[WhiteElo "1787"]
[BlackElo "1855"]
[PlyCount "118"]
[EventDate "2016.10.21"]
[EventType "swiss"]
[EventRounds "9"]
[EventCountry "PAR"]
[SourceTitle "EXT 2018"]
[Source "ChessBase"]
[SourceDate "2017.10.13"]
[SourceVersion "1"]
[SourceVersionDate "2017.10.13"]
[SourceQuality "1"]

1. e4 c5 2. Nf3 d6 3. d4 cxd4 4. Qxd4 a6 5. Be3 Nf6 6. Nc3 Nc6 7. Qd2 b5 8. Nd4 Bb7 9. f3 e6 10. g4 Rc8 11. Nxc6 Bxc6 12. Bd3 Be7 13. h4 Nd7 14. Bg5 Ne5 15. Rh3 h5 16. Bxe7 Qxe7 17. g5 Qa7 18. 0-0-0 Qc5 19. f4 Ng4 20. Rf3 Rd8 21. f5 b4 22. Ne2 e5 23. Ng3 a5 24. Qe2 d5 25. exd5 Qxd5 26. Be4 Qxd1+ 27. Qxd1 Rxd1+ 28. Kxd1 Kd7 29. a3 Kd6 30. Bxc6 Kxc6 31. Ke2 Re8 32. Nxh5 Rh8 33. Rg3 bxa3 34. bxa3 Rxh5 35. Rxg4 f6 36. Kf3 fxg5 37. hxg5 Rh3+ 38. Rg3 Rh2 39. Ke4 Rxc2 40. Kxe5 Kd7 41. Rd3+ Ke7 42. Rd5 a4 43. Ra5 Rc4 44. g6 Kf8 45. f6 gxf6+ 46. Kxf6 Rc6+ 47. Kf5 Rc4 48. Ra8+ Kg7 49. Ra7+ Kg8 50. Kf6 Rc6+ 51. Kg5 Rc4 52. Kf5 Rc5+ 53. Ke4 Rg5 54. g7 Rxg7 55. Rxg7+ Kxg7 56. Kd5 Kf6 57. Kc5 Ke6 58. Kb5 Kd5 59. Kxa4 Kc4 1/2-1/2

[Event "Asuncion Clasificatorio op 6th"]
[Site "Asuncion"]
[Date "2016.09.30"]
[Round "1.9"]
[White "De la Vega, Ricardo"]
[Black "Ocampos, Martin Carlos"]
[Result "1-0"]
[WhiteElo "1430"]
[BlackElo "1787"]
[PlyCount "139"]
[EventDate "2016.09.30"]
[EventType "swiss"]
[EventRounds "7"]
[EventCountry "PAR"]
[SourceTitle "EXT 2023"]
[Source "ChessBase"]
[SourceDate "2022.10.05"]
[SourceVersion "1"]
[SourceVersionDate "2022.10.05"]
[SourceQuality "1"]

1. e4 e5 2. Nf3 Nc6 3. Bb5 a6 4. Ba4 Nf6 5. 0-0 b5 6. Bb3 Be7 7. Re1 0-0 8. h3 Bb7 9. c3 d5 10. exd5 Nxd5 11. Nxe5 Nxe5 12. Rxe5 c6 13. d4 Bd6 14. Re1 Bc7 15. Nd2 Qd6 16. Nf3 Rae8 17. Be3 Nxe3 18. fxe3 c5 19. Bc2 Qg3 20. e4 Bc8 21. e5 cxd4 22. cxd4 Bxh3 23. Qe2 Bb6 24. Rad1 Rd8 25. Kh1 Be6 26. b3 Qf4 27. Qe3 Qg4 28. Qe4 Qh5+ 29. Kg1 Bd5 30. Qf4 Rc8 31. Rc1 Ba5 32. Rf1 Rc3 33. Be4 Bxe4 34. Qxe4 Qg6 35. Qxg6 hxg6 36. Rxc3 Bxc3 37. Rc1 b4 38. d5 Re8 39. d6 Rd8 40. Rd1 Kf8 41. Kf2 Ke8 42. Ke3 Kd7 43. Ke4 f6 44. Rd5 fxe5 45. Nxe5+ Ke6 46. d7 g5 47. Ra5 Bxe5 48. Rxe5+ Kd6 49. Rd5+ Kc6 50. Ke5 Rxd7 51. Rxd7 Kxd7 52. Kd5 g4 53. Kc4 Kc6 54. Kxb4 Kb6 55. Kc4 g3 56. a4 Ka5 57. Kc5 g6 58. Kc4 Kb6 59. b4 Kc6 60. Kd4 Kd6 61. b5 axb5 62. axb5 Kc7 63. Kc5 Kb7 64. b6 g5 65. Kd5 Kxb6 66. Ke5 Kc5 67. Kf5 Kd4 68. Kxg5 Ke3 69. Kg4 Kf2 70. Kh3 1-0

[Event "Asuncion Clasificatorio op 4th"]
[Site "Asuncion"]
[Date "2016.07.02"]
[Round "3.3"]
[White "Gamarra, Ramon"]
[Black "Ocampos, Martin Carlos"]
[Result "1/2-1/2"]
[WhiteElo "1925"]
[BlackElo "1761"]
[PlyCount "73"]
[EventDate "2016.07.01"]
[EventType "swiss"]
[EventRounds "7"]
[EventCountry "PAR"]
[SourceTitle "EXT 2023"]
[Source "ChessBase"]
[SourceDate "2022.10.05"]
[SourceVersion "1"]
[SourceVersionDate "2022.10.05"]
[SourceQuality "1"]

1. c4 Nf6 2. Nc3 e5 3. g3 g6 4. Bg2 Bg7 5. e3 0-0 6. Nge2 d6 7. 0-0 c6 8. Rb1 Be6 9. d3 Qc8 10. Re1 a5 11. b3 Na6 12. a3 d5 13. Na4 Qc7 14. c5 Nd7 15. Qc2 b5 16. cxb6 Nxb6 17. Nc5 Nxc5 18. Qxc5 Nd7 19. Qc2 Qd6 20. Bb2 f5 21. d4 e4 22. Rec1 Rfc8 23. Nc3 g5 24. Qd2 f4 25. Na4 fxg3 26. fxg3 Rab8 27. Nc5 Nxc5 28. dxc5 Qc7 29. Bc3 Bxc3 30. Qxc3 Qe7 31. Qe5 Rf8 32. Bh3 Rbe8 33. Bxe6+ Qxe6 34. Qxg5+ Kh8 35. Rf1 Rf3 36. Rxf3 exf3 37. Rb2 1/2-1/2

[Event "Dionicio Baez Memorial"]
[Site "Asuncion"]
[Date "2015.11.24"]
[Round "7.1"]
[White "Benitez Galeano, Alejandro"]
[Black "Ocampos, Martin Carlos"]
[Result "0-1"]
[WhiteElo "1786"]
[BlackElo "1739"]
[PlyCount "68"]
[EventDate "2015.10.30"]
[EventType "swiss"]
[EventRounds "7"]
[EventCountry "PAR"]
[SourceTitle "EXT 2023"]
[Source "ChessBase"]
[SourceDate "2022.10.05"]
[SourceVersion "1"]
[SourceVersionDate "2022.10.05"]
[SourceQuality "1"]

1. d4 Nf6 2. Nf3 g6 3. e3 Bg7 4. b3 d6 5. Bb2 b6 6. Bb5+ c6 7. Be2 0-0 8. 0-0 Nbd7 9. c4 Ne4 10. Nbd2 Ndf6 11. Qc2 Bf5 12. Bd3 Nxd2 13. Nxd2 Bxd3 14. Qxd3 e5 15. d5 c5 16. e4 Nh5 17. g3 Bh6 18. Bc1 f5 19. Nf3 Bxc1 20. Raxc1 f4 21. Qe2 h6 22. Kg2 Qf6 23. g4 Ng7 24. h4 Qf7 25. Rg1 Qd7 26. Kf1 a6 27. a3 b5 28. b4 cxb4 29. axb4 bxc4 30. Rxc4 Rfc8 31. Nd2 Rxc4 32. Qxc4 Rc8 33. Qxa6 Rc1+ 34. Kg2 Qxg4+ 0-1

[Event "Dionicio Baez Memorial"]
[Site "Asuncion"]
[Date "2015.11.16"]
[Round "4.1"]
[White "Heinechen, John"]
[Black "Ocampos, Martin Carlos"]
[Result "1-0"]
[WhiteElo "1972"]
[BlackElo "1739"]
[PlyCount "59"]
[EventDate "2015.10.30"]
[EventType "swiss"]
[EventRounds "7"]
[EventCountry "PAR"]
[SourceTitle "EXT 2023"]
[Source "ChessBase"]
[SourceDate "2022.10.05"]
[SourceVersion "1"]
[SourceVersionDate "2022.10.05"]
[SourceQuality "1"]

1. e4 c5 2. Nf3 d6 3. Nc3 g6 4. Bb5+ Bd7 5. Bc4 Bg7 6. 0-0 e6 7. d3 Ne7 8. Bf4 Bc6 9. Qe2 0-0 10. a4 a6 11. a5 Re8 12. Bb3 d5 13. Be5 Nd7 14. Bxg7 Kxg7 15. d4 dxe4 16. Nxe4 Bxe4 17. Qxe4 cxd4 18. Rfd1 Nc6 19. Nxd4 Nxd4 20. Rxd4 Nf6 21. Qe5 Qe7 22. Rf4 Rac8 23. g4 Rc5 24. Qe3 Nd5 25. Bxd5 Rxd5 26. c4 Rd7 27. Rf3 Red8 28. Rh3 g5 29. Qe5+ Qf6 30. Rxh7+ 1-0

[Event "Asuncion op"]
[Site "Asuncion"]
[Date "2015.10.18"]
[Round "8"]
[White "Avalos, Leticia"]
[Black "Ocampos, Martin Carlos"]
[Result "0-1"]
[WhiteElo "1695"]
[BlackElo "1739"]
[PlyCount "84"]
[EventDate "2015.10.08"]
[EventType "swiss"]
[EventRounds "9"]
[EventCountry "PAR"]
[SourceTitle "CBM 168 Extra"]
[Source "ChessBase"]
[SourceDate "2015.10.29"]
[SourceVersion "1"]
[SourceVersionDate "2015.10.29"]
[SourceQuality "1"]

1. d4 Nf6 2. c4 g6 3. Nc3 Bg7 4. e4 d6 5. f4 0-0 6. Nf3 c5 7. d5 e6 8. Be3 exd5 9. cxd5 Re8 10. Nd2 Ng4 11. Bg1 Bxc3 12. bxc3 Nf6 13. Qf3 Bg4 14. Qd3 b5 15. h3 Bf5 16. Kf2 c4 17. Qb1 Nxe4+ 18. Nxe4 Rxe4 19. Qc1 Qe7 20. a4 bxa4 21. Rxa4 Bd7 22. Rxc4 Rxc4 23. Bxc4 Qe4 24. Be2 Qxd5 25. Bf3 Qa2+ 26. Kg3 Bc6 27. Qe1 Qe6 28. Qd1 a5 29. Bd4 Qc8 30. Re1 Bxf3 31. Qxf3 Nd7 32. Qd5 Qf8 33. h4 a4 34. h5 Re8 35. Rh1 Re6 36. Kf3 Nf6 37. Qg5 Qa8+ 38. Kf2 Ne4+ 39. Kf1 Nxg5 40. hxg6 Qa6+ 41. Kf2 Re2+ 42. Kg3 Qd3+ 0-1

[Event "Asuncion op"]
[Site "Asuncion"]
[Date "2015.10.11"]
[Round "3"]
[White "Ocampos, Martin Carlos"]
[Black "Ocampos, Luis"]
[Result "1-0"]
[WhiteElo "1739"]
[BlackElo "1447"]
[PlyCount "93"]
[EventDate "2015.10.08"]
[EventType "swiss"]
[EventRounds "9"]
[EventCountry "PAR"]
[SourceTitle "CBM 168 Extra"]
[Source "ChessBase"]
[SourceDate "2015.10.29"]
[SourceVersion "1"]
[SourceVersionDate "2015.10.29"]
[SourceQuality "1"]

1. e4 e5 2. Nf3 d6 3. d4 Nd7 4. Bc4 c6 5. dxe5 dxe5 6. Ng5 Nh6 7. 0-0 Be7 8. Ne6 fxe6 9. Bxh6 Bf6 10. Qh5+ g6 11. Qg4 Nb6 12. Bxe6 Bxe6 13. Qxe6+ Qe7 14. Qxe7+ Kxe7 15. Bd2 Rad8 16. b3 Rd7 17. Rd1 Rhd8 18. Bb4+ Ke6 19. Nc3 Nc8 20. Kf1 Ne7 21. Ke2 b6 22. Rxd7 Rxd7 23. Rd1 Rxd1 24. Nxd1 c5 25. Bd2 Nc6 26. c3 Nd8 27. Ne3 Bg5 28. Nd5 Bxd2 29. Kxd2 Nc6 30. Nc7+ Kd7 31. Nb5 a6 32. Na3 b5 33. Nc2 Ke6 34. Kd3 a5 35. a4 b4 36. cxb4 cxb4 37. Kc4 Kd6 38. f3 g5 39. g3 h6 40. h4 gxh4 41. gxh4 h5 42. Ne3 Nd4 43. Nf5+ Nxf5 44. exf5 Ke7 45. Kd5 Kf6 46. Ke4 Kf7 47. Kxe5 1-0

[Event "Ciudad del Este op 5th"]
[Site "Ciudad del Este"]
[Date "2015.08.30"]
[Round "6.16"]
[White "Benitez, Rafael"]
[Black "Ocampos, Martin Carlos"]
[Result "0-1"]
[WhiteElo "1539"]
[BlackElo "1685"]
[PlyCount "60"]
[EventDate "2015.08.28"]
[EventType "swiss"]
[EventRounds "7"]
[EventCountry "PAR"]
[SourceTitle "EXT 2023"]
[Source "ChessBase"]
[SourceDate "2022.10.05"]
[SourceVersion "1"]
[SourceVersionDate "2022.10.05"]
[SourceQuality "1"]

1. e4 c5 2. Nc3 Nc6 3. Bb5 Nd4 4. Ba4 a6 5. Nf3 Nxf3+ 6. Qxf3 b5 7. d4 bxa4 8. d5 d6 9. 0-0 Bd7 10. Bg5 h6 11. Bf4 g5 12. Bg3 Bg7 13. Rfe1 Nf6 14. e5 dxe5 15. Rxe5 0-0 16. Rae1 e6 17. Ne4 Nxe4 18. R5xe4 exd5 19. Re7 Be6 20. R7xe6 fxe6 21. Qg4 Re8 22. h4 Qf6 23. f4 Qf5 24. Qf3 gxf4 25. Bh2 Rad8 26. Rf1 e5 27. Qc3 c4 28. g3 e4 29. Qa3 f3 30. Rd1 e3 0-1

[Event "Este op 5th"]
[Site "Ciudad del Este"]
[Date "2015.08.29"]
[Round "3"]
[White "Ocampos, Luis"]
[Black "Ocampos, Martin Carlos"]
[Result "0-1"]
[WhiteElo "1376"]
[BlackElo "1685"]
[PlyCount "96"]
[EventDate "2015.08.28"]
[EventType "swiss"]
[EventRounds "7"]
[EventCountry "PAR"]
[SourceTitle "EXT 2016"]
[Source "ChessBase"]
[SourceDate "2015.10.08"]
[SourceVersion "1"]
[SourceVersionDate "2015.10.08"]
[SourceQuality "1"]

1. d4 Nf6 2. c4 g6 3. Nc3 Bg7 4. e3 0-0 5. Nf3 d6 6. h3 Re8 7. Bd3 Nbd7 8. 0-0 e5 9. dxe5 dxe5 10. e4 Nc5 11. Bc2 Qe7 12. Nd5 Nxd5 13. cxd5 b6 14. b4 Nd7 15. a3 Ba6 16. Re1 Nf6 17. Bb3 Nh5 18. Be3 Nf6 19. Qc2 Qd6 20. Rac1 Bc8 21. Nd2 Re7 22. Nc4 Qd8 23. Bg5 Bb7 24. Bxf6 Bxf6 25. Rcd1 Ba6 26. d6 Rd7 27. dxc7 Qxc7 28. Rxd7 Qxd7 29. Rc1 Rc8 30. Qb2 Bb7 31. Nd2 Rxc1+ 32. Qxc1 Bg5 33. Qc4 Bxd2 34. g3 Bc6 35. g4 Bb5 36. Qc2 Bf4 37. Bd5 Bg5 38. Kg2 Ba6 39. Qb3 Bb7 40. Kf3 h5 41. Qc4 hxg4+ 42. hxg4 Bxd5 43. exd5 Qd8 44. Ke4 Bf4 45. f3 a5 46. b5 Qd6 47. Qc6 Qxa3 48. d6 Qe3+ 0-1

[Event "Asuncion Clasificatorio op 3rd"]
[Site "Asuncion"]
[Date "2015.07.19"]
[Round "5.6"]
[White "Ocampos, Martin Carlos"]
[Black "Cantero, Rodolfo"]
[Result "1-0"]
[WhiteElo "1685"]
[BlackElo "1867"]
[PlyCount "103"]
[EventDate "2015.07.17"]
[EventType "swiss"]
[EventRounds "7"]
[EventCountry "PAR"]
[SourceTitle "EXT 2023"]
[Source "ChessBase"]
[SourceDate "2022.10.05"]
[SourceVersion "1"]
[SourceVersionDate "2022.10.05"]
[SourceQuality "1"]

1. d4 d5 2. c4 dxc4 3. Nf3 Nf6 4. e3 e6 5. Bxc4 c5 6. 0-0 a6 7. a4 Nc6 8. Nc3 Qc7 9. d5 exd5 10. Nxd5 Nxd5 11. Qxd5 Be6 12. Qe4 Qe7 13. Bxe6 Qxe6 14. Qxe6+ fxe6 15. b3 Be7 16. Bb2 Bf6 17. Bxf6 gxf6 18. Rac1 b6 19. Rfd1 Ke7 20. Nd2 Rhd8 21. Nc4 Rxd1+ 22. Rxd1 Rd8 23. Rxd8 Kxd8 24. Nxb6 Na5 25. Nc4 Nxb3 26. Kf1 Nc1 27. Ke1 Nd3+ 28. Ke2 Nb4 29. Kd2 Kc7 30. Kc3 Nd5+ 31. Kb3 Kc6 32. g3 Ne7 33. e4 Ng8 34. Nd2 Nh6 35. h3 Nf7 36. f4 e5 37. Nc4 exf4 38. gxf4 f5 39. exf5 Kd5 40. Ne5 Nxe5 41. fxe5 c4+ 42. Kc3 Kxe5 43. Kxc4 Kxf5 44. Kc5 Kg5 45. Kb6 Kh4 46. Kxa6 Kxh3 47. Kb6 h5 48. a5 h4 49. a6 Kg2 50. a7 h3 51. a8Q+ Kg1 52. Qa1+ 1-0